Meistverkaufte Musikalben - Statistiken

Allgemein
  • Dieses Quiz wurde 276 mal gespielt
  • Das Durchschnittsergebnis liegt bei 3 aus 11
Antwortstatistiken
Verkaufszahlen Interpret Veröffentlichungsjahr Album % Korrekt
66 Millionen Michael Jackson 1982 Thriller
95%
50 Millionen AC/DC 1980 Back in Black
51%
45 Millionen Pink Floyd 1973 The Dark Side of the moon
43%
30-45 Millionen Michael Jackson 1987 Bad
39%
43 Millionen Meat Loaf 1977 Bat Out of Hell
18%
45 Millionen Whitney Houston / Verschiedene Interpreten 1992 The Bodyguard: Original Soundtrack Album
18%
40 Millionen Fleetwood Mac 1977 Rumours
13%
40 Millionen Bee Gees / Verschiedene Interpreten 1977 Saturday Night Fever: The Original Movie Sound Track
11%
42 Millionen Eagles 1976 Their Greatest Hits (1971–1975)
5%
42 Millionen Verschiedene Interpreten 1987 Dirty Dancing
2%
40 Millionen Shania Twain 1997 Come on Over
0%
Keine übereinstimmenden Quizze gefunden
Verteilung der Resultate
Anzahl Personen mit jedem Resultat
Perzentil nach korrekt beantworteten Fragen
Ihre Resultats-Entwicklung
Sie haben dieses Quiz noch nicht gespielt